MARC

LEADER 00000nam0a2200000 4500
001 251812
005 20231101232706.0
020 |a RU  |b 89-27471 
035 |a (RuTPU)RU\TPU\book\274124 
090 |a 251812 
100 |a 20140225d1988 k y0rusy5003 ca 
101 0 |a rus 
102 |a UA 
105 |a a z 001zy 
200 1 |a Динамика и прочность машин и конструкций  |e межвузовский тематический сборник научных трудов  |f Днепропетровский государственный университет имени 300-летия воссоединения Украины с Россией ; отв. ред. В. И. Моссаковский 
210 |a Днепропетровск  |c Изд-во ДГУ  |d 1988 
215 |a 146 с.  |c ил. 
320 |a Библиография в конце статей 
606 1 |a Машины  |x Динамика  |2 stltpush  |3 (RuTPU)RU\TPU\subj\41691  |9 61477 
606 1 |a Машиностроительные конструкции  |x Расчет на прочность  |x Расчет на жесткость  |2 stltpush  |3 (RuTPU)RU\TPU\subj\41655  |9 61442 
610 1 |a элементы 
610 1 |a упругость 
610 1 |a колебания 
610 1 |a математическое моделирование 
610 1 |a экспериментальные исследования 
610 1 |a теория оболочек 
675 |a 621.01:531.3  |z rus  |v 3 
675 |a 621.01:539.4  |z rus  |v 3 
702 1 |a Моссаковский  |b В. И.  |4 340 
712 0 2 |a Днепропетровский государственный университет имени 300-летия воссоединения Украины с Россией  |2 stltpush  |3 (RuTPU)RU\TPU\col\11280 
801 0 |a RU  |b RuMRKP  |c 19950417  |g psbo 
801 1 |a RU  |b 63413507  |c 20140225 
801 2 |a RU  |b 63413507  |c 20140423  |g RCR 
942 |c BK